[Event "25th 4NCL Congress"]
[Site "Leamington Spa, United Kingdom"]
[Date "2021.07.11"]
[Round "4.22"]
[White "Gibbs, Dominic V"]
[Black "Munshi, Aditya"]
[Result "0-1"]
[TimeControl "All moves in 90 minutes + 30 seconds per move"]
[WhiteElo "1909"]
[BlackElo "2069"]

1. e4 {[%clk 01:30:57]} {[%emt 00:00:02]} c5 {[%clk 01:30:57]} 2. c3 {[%clk
01:31:14]} Nf6 {[%clk 01:31:19]} 3. e5 {[%clk 01:31:39]} Nd5 {[%clk 01:31:47]}
4. Nf3 {[%clk 01:32:02]} e6 {[%clk 01:30:54]} 5. d4 {[%clk 01:31:38]} cxd4
{[%clk 01:31:15]} 6. cxd4 {[%clk 01:32:05]} d6 {[%clk 01:31:40]} 7. Bc4 {[%clk
01:31:54]} Nc6 {[%clk 01:31:42]} 8. O-O {[%clk 01:31:50]} Be7 {[%clk 01:32:06]}
9. Qe2 {[%clk 01:27:13]} O-O {[%clk 01:31:37]} 10. Nc3 {[%clk 01:27:30]} Nxc3
{[%clk 01:31:24]} 11. bxc3 {[%clk 01:27:58]} dxe5 {[%clk 01:31:30]} 12. dxe5
{[%clk 01:28:26]} Qc7 {[%clk 01:30:56]} 13. Qe4 {[%clk 01:25:45]} b6 {[%clk
01:28:10]} 14. Bd3 {[%clk 01:24:39]} g6 {[%clk 01:14:09]} 15. Re1 {[%clk
01:23:33]} Bb7 {[%clk 01:10:32]} 16. Qf4 {[%clk 01:22:04]} Na5 {[%clk
01:02:05]} 17. Be4 {[%clk 01:16:27]} Bxe4 {[%clk 00:57:00]} 18. Qxe4 {[%clk
01:16:19]} Qxc3 {[%clk 00:26:04]} 19. Bg5 {[%clk 01:16:15]} Bxg5 {[%clk
00:23:51]} 20. Nxg5 {[%clk 01:16:28]} Qc4 {[%clk 00:08:27]} 21. Qf3 {[%clk
01:07:05]} Qh4 {[%clk 00:06:53]} 22. Ne4 {[%clk 01:04:46]} Nc4 {[%clk
00:03:59]} 23. Nf6+ {[%clk 01:02:58]} Kg7 {[%clk 00:04:03]} 24. Nd7 {[%clk
00:55:44]} Rfd8 {[%clk 00:03:48]} 25. Rad1 {[%clk 00:47:07]} Qe7 {[%clk
00:02:31]} 26. Qe4 {[%clk 00:38:29]} Rac8 {[%clk 00:02:05]} {[%emt 00:00:35]}
27. Rd4 {[%clk 00:35:24]} {[%emt 00:03:35]} Rxd7 {[%clk 00:01:52]} {[%emt
00:00:43]} 28. Rxc4 {[%clk 00:35:25]} {[%emt 00:00:28]} Rxc4 {[%clk 00:01:58]}
{[%emt 00:00:24]} 29. Qxc4 {[%clk 00:35:53]} {[%emt 00:00:02]} Rc7 {[%clk
00:02:05]} {[%emt 00:00:24]} 30. Qf4 {[%clk 00:33:45]} {[%emt 00:02:38]} Qd8
{[%clk 00:02:11]} {[%emt 00:00:24]} 31. h4 {[%clk 00:32:11]} {[%emt 00:02:03]}
h5 {[%clk 00:01:37]} {[%emt 00:01:05]} 32. g3 {[%clk 00:30:45]} {[%emt
00:01:57]} Qd5 {[%clk 00:01:19]} {[%emt 00:00:46]} 33. g4 {[%clk 00:24:14]}
{[%emt 00:07:01]} hxg4 {[%clk 00:01:03]} {[%emt 00:00:46]} 34. h5 {[%clk
00:19:31]} {[%emt 00:05:13]} Qf3 {[%clk 00:00:42]} {[%emt 00:00:51]} 35. Qg5
{[%clk 00:16:17]} {[%emt 00:03:45]} Rc2 {[%clk 00:00:32]} {[%emt 00:00:41]} 36.
Rf1 {[%clk 00:14:23]} {[%emt 00:02:26]} Qf5 {[%clk 00:00:40]} {[%emt 00:00:19]}
37. h6+ {[%clk 00:14:33]} {[%emt 00:00:20]} Kh7 {[%clk 00:00:54]} {[%emt
00:00:16]} 38. Qe7 {[%clk 00:14:43]} {[%emt 00:00:19]} Rc8 {[%clk 00:00:32]}
{[%emt 00:00:53]} 39. Qxa7 {[%clk 00:13:19]} {[%emt 00:01:54]} Rc6 {[%clk
00:00:32]} {[%emt 00:00:31]} 40. Qd7 {[%clk 00:13:04]} {[%emt 00:00:44]} Qf3
{[%clk 00:00:33]} {[%emt 00:00:29]} 41. Qe7 {[%clk 00:10:17]} {[%emt 00:03:16]}
Kxh6 {[%clk 00:00:44]} {[%emt 00:00:19]} 42. Qh4+ {[%clk 00:06:08]} {[%emt
00:04:40]} Kg7 {[%clk 00:01:09]} {[%emt 00:00:06]} 43. Qg5 {[%clk 00:05:40]}
{[%emt 00:00:57]} Rc8 {[%clk 00:01:14]} {[%emt 00:00:25]} 44. Rb1 {[%clk
00:05:11]} {[%emt 00:00:59]} Rc2 {[%clk 00:01:10]} {[%emt 00:00:33]} 45. Qe3
{[%clk 00:01:35]} {[%emt 00:04:06]} Qxe3 {[%clk 00:01:10]} {[%emt 00:00:30]} 46.
fxe3 {[%clk 00:02:03]} {[%emt 00:00:01]} Rxa2 {[%clk 00:01:25]} {[%emt
00:00:15]} 47. Rxb6 {[%clk 00:02:26]} {[%emt 00:00:07]} Ra5 {[%clk 00:01:13]}
{[%emt 00:00:42]} 48. Rb4 {[%clk 00:02:28]} {[%emt 00:00:29]} Rxe5 {[%clk
00:01:28]} {[%emt 00:00:15]} 49. Kf2 {[%clk 00:02:42]} {[%emt 00:00:16]} f5
{[%clk 00:01:02]} {[%emt 00:00:55]} 50. Rb7+ {[%clk 00:02:40]} {[%emt
00:00:33]} Kf6 {[%clk 00:01:25]} {[%emt 00:00:06]} 0-1

[Event "25th 4NCL Congress"]
[Site "Leamington Spa, United Kingdom"]
[Date "2021.07.11"]
[Round "4.23"]
[White "Truman, Richard G"]
[Black "Merriman, James"]
[Result "0-1"]
[TimeControl "All moves in 90 minutes + 30 seconds per move"]
[WhiteElo "1913"]
[BlackElo "1828"]

1. d4 {[%clk 01:30:35]} {[%emt 00:02:42]} Nf6 {[%clk 01:30:52]} 2. c4 {[%clk
01:30:58]} e6 {[%clk 01:31:09]} 3. g3 {[%clk 01:31:08]} c5 {[%clk 01:31:35]} 4.
d5 {[%clk 01:29:25]} exd5 {[%clk 01:31:44]} 5. cxd5 {[%clk 01:29:48]} d6 {[%clk
01:32:08]} 6. Bg2 {[%clk 01:30:07]} g6 {[%clk 01:32:32]} 7. Nc3 {[%clk
01:30:10]} Bg7 {[%clk 01:32:12]} 8. Nf3 {[%clk 01:29:42]} O-O {[%clk 01:32:26]}
9. O-O {[%clk 01:29:38]} Re8 {[%clk 01:32:19]} 10. Nd2 {[%clk 01:28:34]} Nbd7
{[%clk 01:29:54]} 11. e4 {[%clk 01:25:13]} a6 {[%clk 01:26:40]} 12. a4 {[%clk
01:25:09]} Rb8 {[%clk 01:25:05]} 13. Nc4 {[%clk 01:08:01]} Ne5 {[%clk
01:22:32]} 14. Nxe5 {[%clk 01:03:16]} Rxe5 {[%clk 01:22:55]} 15. f4 {[%clk
01:03:01]} Re8 {[%clk 01:21:28]} 16. Re1 {[%clk 01:01:11]} Ng4 {[%clk
01:10:43]} 17. e5 {[%clk 00:58:46]} dxe5 {[%clk 01:07:05]} 18. h3 {[%clk
00:59:08]} Nh6 {[%clk 01:07:10]} 19. fxe5 {[%clk 00:58:30]} Nf5 {[%clk
01:06:09]} 20. g4 {[%clk 00:54:26]} Nh4 {[%clk 01:05:29]} 21. Bf4 {[%clk
00:54:44]} Nxg2 {[%clk 01:05:31]} 22. Kxg2 {[%clk 00:55:12]} b5 23. Qd3 {[%clk
00:42:17]} b4 {[%clk 00:47:04]} 24. Na2 {[%clk 00:39:38]} Bb7 {[%clk 00:45:10]}
25. Rad1 {[%clk 00:39:52]} Qd7 {[%clk 00:40:37]} 26. e6 {[%clk 00:33:56]} fxe6
{[%clk 00:41:00]} 27. Bxb8 {[%clk 00:34:05]} Bxd5+ {[%clk 00:41:16]} 28. Kh2
{[%clk 00:33:48]} Rxb8 {[%clk 00:41:10]} 29. Qg3 {[%clk 00:31:32]} Rf8 {[%clk
00:40:25]} 30. Rd3 {[%clk 00:27:08]} Bd4 {[%clk 00:39:19]} 31. Rxd4 {[%clk
00:26:38]} cxd4 {[%clk 00:39:32]} 32. Nxb4 {[%clk 00:26:58]} Qxa4 {[%clk
00:34:50]} 33. Nxd5 {[%clk 00:25:56]} Qc2+ {[%clk 00:34:26]} 34. Kg1 {[%clk
00:25:45]} exd5 {[%clk 00:34:45]} 35. Qe5 {[%clk 00:24:46]} Qf2+ {[%clk
00:30:34]} 36. Kh1 {[%clk 00:22:42]} Qf3+ {[%clk 00:26:04]} 37. Kg1 d3 {[%clk
00:24:26]} 38. Qe6+ {[%clk 00:19:07]} Rf7 {[%clk 00:24:19]} 39. Qe8+ {[%clk
00:19:25]} Kg7 {[%clk 00:24:41]} 40. Qe5+ {[%clk 00:18:30]} Qf6 {[%clk
00:24:58]} 41. Qxf6+ {[%clk 00:18:32]} Rxf6 {[%clk 00:25:00]} 42. Re3 {[%clk
00:18:36]} Rb6 {[%clk 00:24:33]} 43. Rxd3 {[%clk 00:18:56]} Rxb2 {[%clk
00:24:54]} 44. Rxd5 {[%clk 00:19:19]} Ra2 {[%clk 00:25:14]} 45. Rd7+ {[%clk
00:17:41]} Kf6 {[%clk 00:18:19]} 46. Rxh7 {[%clk 00:17:36]} a5 {[%clk
00:18:26]} 47. Ra7 {[%clk 00:16:50]} Kg5 {[%clk 00:18:09]} 48. Ra6 {[%clk
00:15:06]} a4 {[%clk 00:18:09]} 49. Kf1 {[%clk 00:13:04]} a3 {[%clk 00:18:06]}
50. h4+ {[%clk 00:03:42]} {[%emt 00:07:09]} Kxh4 {[%clk 00:17:38]} {[%emt
00:00:58]} 51. Rxg6 {[%clk 00:04:08]} {[%emt 00:00:04]} Rb2 {[%clk 00:17:56]}
{[%emt 00:00:10]} 52. Ra6 {[%clk 00:04:08]} {[%emt 00:00:24]} a2 {[%clk
00:18:20]} 0-1

[Event "25th 4NCL Congress"]
[Site "Leamington Spa, United Kingdom"]
[Date "2021.07.11"]
[Round "4.24"]
[White "Shapland, David"]
[Black "Faulkner, Martin J"]
[Result "0-1"]
[TimeControl "All moves in 90 minutes + 30 seconds per move"]
[WhiteElo "1759"]
[BlackElo "1892"]

1. e4 {[%clk 01:30:56]} c5 {[%clk 01:30:56]} 2. Nf3 {[%clk 01:31:19]} e6 {[%clk
01:31:21]} 3. d4 {[%clk 01:31:31]} cxd4 4. Nxd4 {[%clk 01:31:48]} a6 {[%clk
01:32:08]} 5. Nc3 {[%clk 01:32:13]} Qc7 {[%clk 01:32:27]} 6. Bd3 {[%clk
01:32:01]} Nf6 {[%clk 01:32:42]} 7. O-O {[%clk 01:32:00]} Bc5 {[%clk 01:32:56]}
8. Nb3 {[%clk 01:32:23]} Be7 {[%clk 01:33:19]} 9. a4 {[%clk 01:31:17]} Nc6
{[%clk 01:33:04]} 10. f4 {[%clk 01:30:27]} d6 {[%clk 01:33:06]} 11. Be3 {[%clk
01:30:43]} b6 {[%clk 01:30:07]} 12. Be2 {[%clk 01:19:30]} Bb7 {[%clk 01:29:05]}
13. Bf3 {[%clk 01:19:16]} O-O {[%clk 01:25:48]} 14. Kh1 {[%clk 01:19:17]} Rad8
{[%clk 01:17:53]} 15. g4 {[%clk 01:09:06]} d5 {[%clk 01:15:50]} 16. exd5 {[%clk
01:03:22]} Nb4 {[%clk 01:14:51]} 17. Qe2 {[%clk 01:00:18]} Nfxd5 {[%clk
01:11:41]} 18. Nxd5 {[%clk 00:56:13]} Nxd5 {[%clk 01:09:01]} 19. c3 {[%clk
00:53:31]} Bd6 {[%clk 00:59:18]} 20. Bg2 {[%clk 00:48:14]} Bxf4 {[%clk
00:53:53]} 21. Bg1 {[%clk 00:44:21]} e5 {[%clk 00:51:23]} 22. a5 {[%clk
00:40:27]} bxa5 {[%clk 00:28:02]} 23. Nc5 {[%clk 00:36:09]} Ba8 {[%clk
00:25:32]} 24. Nxa6 {[%clk 00:28:02]} Qc8 {[%clk 00:25:40]} 25. Rxa5 {[%clk
00:23:28]} Nxc3 {[%clk 00:23:44]} 26. Qe1 {[%clk 00:13:18]} Rd1 27. Qxc3 {[%clk
00:10:30]} Qxc3 {[%clk 00:23:26]} {[%emt 00:00:19]} 28. bxc3 {[%clk 00:09:18]}
{[%emt 00:01:43]} Rxf1 {[%clk 00:23:49]} {[%emt 00:00:06]} 29. Bxa8 {[%clk
00:03:49]} {[%emt 00:05:59]} Rxa8 {[%clk 00:24:13]} {[%emt 00:00:07]} 30. Kg2
{[%clk 00:04:15]} {[%emt 00:00:03]} Rc1 {[%clk 00:23:59]} {[%emt 00:00:42]} 31.
Rc5 {[%clk 00:03:54]} {[%emt 00:00:52]} h6 {[%clk 00:24:22]} {[%emt 00:00:08]}
32. Nb4 {[%clk 00:04:00]} {[%emt 00:00:24]} Rxg1+ {[%clk 00:24:04]} {[%emt
00:00:46]} 0-1

[ePGN "0.1;DGT LiveChess/2.2.5"]

[Event "25th 4NCL Congress"]
[Site "Leamington Spa, United Kingdom"]
[Date "2021.07.10"]
[Round "3.1"]
[White "Jones, Steven A"]
[Black "Arkell, Keith C"]
[Result "1/2-1/2"]
[TimeControl "All moves in 90 minutes + 30 seconds per move"]
[WhiteElo "2219"]
[BlackElo "2381"]

1. e4 {[%clk 01:30:57]} {[%emt 00:00:02]} e6 {[%clk 01:25:51]} {[%emt
00:05:10]} 2. d4 {[%clk 01:30:57]} {[%emt 00:00:30]} d5 {[%clk 01:26:16]}
{[%emt 00:00:05]} 3. exd5 {[%clk 01:31:11]} {[%emt 00:00:16]} exd5 {[%clk
01:26:41]} {[%emt 00:00:05]} 4. Nf3 {[%clk 01:31:35]} {[%emt 00:00:05]} Bg4
{[%clk 01:26:47]} {[%emt 00:00:24]} 5. h3 {[%clk 01:31:09]} {[%emt 00:00:56]}
Bh5 {[%clk 01:26:15]} {[%emt 00:01:02]} 6. Qe2+ {[%clk 01:31:28]} {[%emt
00:00:11]} Qe7 {[%clk 01:26:23]} {[%emt 00:00:22]} 7. Be3 {[%clk 01:31:52]}
{[%emt 00:00:06]} Nc6 {[%clk 01:26:04]} {[%emt 00:00:49]} 8. Nc3 {[%clk
01:28:31]} {[%emt 00:03:50]} O-O-O {[%clk 01:25:59]} {[%emt 00:00:35]} 9. g4
{[%clk 01:28:19]} {[%emt 00:00:42]} Bg6 {[%clk 01:26:24]} {[%emt 00:00:05]} 10.
O-O-O {[%clk 01:28:36]} {[%emt 00:00:14]} Nf6 {[%clk 01:25:37]} {[%emt
00:01:18]} 11. Ne5 {[%clk 01:28:23]} {[%emt 00:00:43]} Qe8 {[%clk 01:15:40]}
{[%emt 00:10:27]} 12. f4 {[%clk 01:21:09]} {[%emt 00:07:44]} h6 {[%clk
00:58:19]} {[%emt 00:17:51]} 13. f5 {[%clk 01:02:44]} {[%emt 00:18:55]} Bh7
{[%clk 00:55:31]} {[%emt 00:03:18]} 14. Qb5 {[%clk 01:01:41]} {[%emt 00:01:34]}
a6 {[%clk 00:47:52]} {[%emt 00:08:09]} 15. Qa4 {[%clk 01:01:03]} {[%emt
00:01:08]} Nxe5 {[%clk 00:46:59]} {[%emt 00:01:24]} 16. Qxe8 {[%clk 01:01:22]}
{[%emt 00:00:11]} Nd3+ {[%clk 00:45:08]} {[%emt 00:02:20]} 17. Bxd3 {[%clk
01:01:12]} {[%emt 00:00:40]} Rxe8 {[%clk 00:44:29]} {[%emt 00:01:09]} 18. Bf4
{[%clk 01:00:10]} {[%emt 00:01:32]} c6 {[%clk 00:39:17]} {[%emt 00:05:42]} 19.
a3 {[%clk 00:55:38]} {[%emt 00:05:02]} Be7 {[%clk 00:35:36]} {[%emt 00:04:11]}
20. Rde1 {[%clk 00:50:48]} {[%emt 00:05:20]} Nd7 {[%clk 00:33:51]} {[%emt
00:02:15]} 21. h4 {[%clk 00:49:13]} {[%emt 00:02:05]} f6 {[%clk 00:23:58]}
{[%emt 00:10:23]} 22. Ne2 {[%clk 00:44:49]} {[%emt 00:04:55]} Bg8 {[%clk
00:23:57]} {[%emt 00:00:30]} 23. Ng3 {[%clk 00:43:58]} {[%emt 00:01:20]} Bf7
{[%clk 00:24:20]} {[%emt 00:00:07]} 24. Rhg1 {[%clk 00:42:23]} {[%emt
00:02:05]} Bd8 {[%clk 00:22:11]} {[%emt 00:02:39]} 25. Rxe8 {[%clk 00:42:41]}
{[%emt 00:00:13]} Rxe8 {[%clk 00:21:52]} {[%emt 00:00:49]} 26. Kd2 {[%clk
00:41:45]} {[%emt 00:01:26]} Bc7 {[%clk 00:21:45]} {[%emt 00:00:36]} 27. Bxc7
{[%clk 00:41:21]} {[%emt 00:00:54]} Kxc7 {[%emt 00:00:19]} 28. Ne2 {[%clk
00:41:37]} Kd6 {[%clk 00:14:57]} {[%emt 00:07:44]} 29. Nf4 {[%clk 00:40:58]}
{[%emt 00:01:07]} Nb6 {[%clk 00:13:58]} {[%emt 00:01:30]} 30. g5 {[%clk
00:38:42]} {[%emt 00:02:45]} hxg5 {[%clk 00:13:55]} {[%emt 00:00:34]} 31. hxg5
{[%clk 00:39:07]} {[%emt 00:00:05]} fxg5 {[%clk 00:12:58]} {[%emt 00:01:27]} 32.
Rxg5 {[%clk 00:39:32]} {[%emt 00:00:05]} Rg8 {[%clk 00:13:15]} {[%emt
00:00:12]} 33. Ng6 {[%clk 00:35:37]} {[%emt 00:04:25]} Nd7 {[%clk 00:12:46]}
{[%emt 00:00:59]} 34. c3 {[%clk 00:32:30]} {[%emt 00:03:38]} Bxg6 {[%clk
00:12:50]} {[%emt 00:00:26]} 35. Rxg6+ {[%clk 00:32:50]} {[%emt 00:00:09]} Ke7
{[%clk 00:11:21]} {[%emt 00:01:59]} 36. c4 {[%clk 00:29:11]} {[%emt 00:04:10]}
Nf6 {[%clk 00:11:08]} {[%emt 00:00:43]} 37. Rg1 {[%clk 00:29:04]} {[%emt
00:00:37]} Kf7 {[%clk 00:11:17]} {[%emt 00:00:20]} 38. cxd5 {[%clk 00:28:01]}
{[%emt 00:01:34]} Nxd5 {[%clk 00:11:34]} {[%emt 00:00:13]} 39. Rg6 {[%clk
00:27:29]} {[%emt 00:01:02]} Rd8 {[%clk 00:08:50]} {[%emt 00:03:14]} 40. Bc4
{[%clk 00:26:58]} {[%emt 00:01:01]} Kf8 {[%clk 00:08:15]} {[%emt 00:01:04]} 41.
Rg4 {[%clk 00:26:24]} {[%emt 00:01:03]} Nf6 {[%clk 00:08:21]} {[%emt 00:00:25]}
42. Rh4 {[%clk 00:26:37]} {[%emt 00:00:16]} Ke7 {[%clk 00:07:38]} {[%emt
00:01:13]} 43. Kc3 {[%clk 00:25:20]} {[%emt 00:01:46]} Kd6 {[%clk 00:07:57]}
{[%emt 00:00:12]} 44. Rh2 {[%clk 00:25:15]} {[%emt 00:00:35]} Re8 {[%clk
00:08:08]} {[%emt 00:00:20]} 45. Rg2 {[%clk 00:24:44]} {[%emt 00:01:01]} Re7
{[%clk 00:07:28]} {[%emt 00:01:10]} 46. Kd3 {[%clk 00:24:04]} {[%emt 00:01:10]}
b5 {[%clk 00:07:34]} {[%emt 00:00:24]} 47. Be6 {[%clk 00:23:53]} {[%emt
00:00:40]} a5 {[%clk 00:07:54]} {[%emt 00:00:10]} 48. b3 {[%clk 00:23:06]}
{[%emt 00:01:17]} Ra7 {[%clk 00:06:53]} {[%emt 00:01:32]} 49. Rg1 {[%clk
00:23:07]} {[%emt 00:00:29]} Rb7 {[%clk 00:05:13]} {[%emt 00:02:11]} 50. Rg2
{[%clk 00:22:18]} {[%emt 00:01:19]} Ra7 {[%clk 00:03:18]} {[%emt 00:02:25]} 51.
Rg1 {[%clk 00:22:18]} {[%emt 00:00:30]} g5 {[%emt 00:00:39]} 52. Kc3 1/2-1/2

[Event "25th 4NCL Congress"]
[Site "Leamington Spa, United Kingdom"]
[Date "2021.07.10"]
[Round "3.2"]
[White "Balaji, Aaravamudhan"]
[Black "Wells, Peter K"]
[Result "1-0"]
[TimeControl "All moves in 90 minutes + 30 seconds per move"]
[WhiteElo "2206"]
[BlackElo "2397"]

1. d4 {[%clk 01:30:52]} {[%emt 00:00:08]} Nf6 {[%clk 01:28:08]} {[%emt
00:02:52]} 2. c4 {[%clk 01:30:59]} {[%emt 00:00:23]} e6 {[%clk 01:28:29]}
{[%emt 00:00:09]} 3. Nc3 {[%clk 01:31:24]} {[%emt 00:00:05]} Bb4 {[%clk
01:28:50]} {[%emt 00:00:09]} 4. a3 {[%clk 01:31:50]} {[%emt 00:00:04]} Bxc3+
{[%clk 01:29:14]} {[%emt 00:00:06]} 5. bxc3 {[%clk 01:32:17]} {[%emt 00:00:02]}
c5 {[%clk 01:29:30]} {[%emt 00:00:14]} 6. f3 {[%clk 01:32:28]} {[%emt
00:00:19]} d5 {[%clk 01:29:28]} {[%emt 00:00:32]} 7. cxd5 {[%clk 01:32:51]}
{[%emt 00:00:07]} Nxd5 {[%clk 01:29:51]} {[%emt 00:00:07]} 8. dxc5 {[%clk
01:33:17]} {[%emt 00:00:05]} f5 {[%clk 01:28:26]} {[%emt 00:01:55]} 9. Nh3
{[%clk 01:31:36]} {[%emt 00:02:10]} O-O {[%clk 01:20:39]} {[%emt 00:08:17]} 10.
Nf4 {[%clk 01:31:50]} {[%emt 00:00:17]} Nxc3 {[%clk 01:06:51]} {[%emt
00:14:19]} 11. Qb3 {[%clk 01:32:08]} {[%emt 00:00:12]} Nd5 {[%clk 01:07:08]}
{[%emt 00:00:12]} 12. Nxd5 {[%clk 01:32:29]} {[%emt 00:00:10]} exd5 {[%clk
01:05:26]} {[%emt 00:02:12]} 13. Bf4 {[%clk 01:32:50]} {[%emt 00:00:09]} Qa5+
{[%clk 01:03:36]} {[%emt 00:02:20]} 14. Qb4 {[%clk 01:33:13]} {[%emt 00:00:07]}
Nc6 {[%clk 01:03:14]} {[%emt 00:00:51]} 15. Qxa5 {[%clk 01:33:38]} {[%emt
00:00:06]} Nxa5 {[%clk 01:03:40]} {[%emt 00:00:04]} 16. e3 {[%clk 01:05:24]}
{[%emt 00:28:44]} b6 {[%clk 00:52:27]} {[%emt 00:11:43]} 17. cxb6 {[%clk
00:44:23]} {[%emt 00:21:31]} axb6 {[%clk 00:52:51]} {[%emt 00:00:06]} 18. Bb5
{[%clk 00:42:42]} {[%emt 00:02:11]} Ba6 {[%clk 00:47:54]} {[%emt 00:05:26]} 19.
Rb1 {[%clk 00:42:00]} {[%emt 00:01:13]} Rfc8 {[%clk 00:34:25]} {[%emt
00:13:58]} 20. Kf2 {[%clk 00:34:41]} {[%emt 00:07:51]} Rc2+ {[%clk 00:21:55]}
{[%emt 00:13:01]} 21. Kg3 {[%clk 00:34:56]} {[%emt 00:00:15]} Nc6 {[%clk
00:20:49]} {[%emt 00:01:36]} 22. Ba4 {[%clk 00:30:20]} {[%emt 00:05:05]} Rc4
{[%clk 00:16:37]} {[%emt 00:04:42]} 23. Bb3 {[%clk 00:26:02]} {[%emt 00:04:48]}
Na5 {[%clk 00:15:27]} {[%emt 00:01:40]} 24. Ba2 {[%clk 00:21:43]} {[%emt
00:04:50]} b5 {[%clk 00:14:34]} {[%emt 00:01:23]} 25. Rhd1 {[%clk 00:16:02]}
{[%emt 00:06:11]} Rd8 {[%clk 00:14:58]} {[%emt 00:00:05]} 26. Bxc4 {[%clk
00:12:17]} {[%emt 00:04:15]} Nxc4 {[%clk 00:15:23]} {[%emt 00:00:06]} 27. Rb3
{[%clk 00:12:33]} {[%emt 00:00:14]} Kf7 {[%clk 00:15:08]} {[%emt 00:00:44]} 28.
Rd4 {[%clk 00:11:17]} {[%emt 00:01:46]} g5 {[%clk 00:10:19]} {[%emt 00:05:19]}
29. Bxg5 {[%clk 00:08:52]} {[%emt 00:02:56]} Rg8 {[%clk 00:10:44]} {[%emt
00:00:04]} 30. Kf4 {[%clk 00:08:40]} {[%emt 00:00:42]} Ke6 {[%clk 00:07:14]}
{[%emt 00:04:01]} 31. g4 {[%clk 00:05:37]} {[%emt 00:03:33]} fxg4 {[%clk
00:06:20]} {[%emt 00:01:23]} 32. fxg4 {[%clk 00:06:06]} {[%emt 00:00:01]} Nd6
{[%clk 00:02:43]} {[%emt 00:04:08]} 33. Bh6 {[%clk 00:04:52]} {[%emt 00:01:44]}
Rg6 {[%clk 00:02:45]} {[%emt 00:00:27]} 34. g5 {[%clk 00:04:34]} {[%emt
00:00:49]} Nf5 {[%clk 00:02:40]} {[%emt 00:00:35]} 35. Rdb4 {[%clk 00:04:22]}
{[%emt 00:00:42]} Nxh6 {[%clk 00:01:48]} {[%emt 00:01:22]} 36. gxh6 {[%clk
00:04:51]} {[%emt 00:00:02]} Rxh6 {[%clk 00:02:00]} {[%emt 00:00:18]} 37. a4
{[%clk 00:04:15]} {[%emt 00:01:06]} Rf6+ {[%clk 00:02:24]} {[%emt 00:00:06]} 38.
Kg3 {[%clk 00:04:26]} {[%emt 00:00:18]} Ke5 {[%clk 00:00:36]} {[%emt 00:02:19]}
39. axb5 {[%clk 00:04:17]} 1-0

[Event "25th 4NCL Congress"]
[Site "Leamington Spa, United Kingdom"]
[Date "2021.07.10"]
[Round "3.3"]
[White "Davies, Nigel R"]
[Black "Wall, Tim P"]
[Result "1/2-1/2"]
[TimeControl "All moves in 90 minutes + 30 seconds per move"]
[WhiteElo "2483"]
[BlackElo "2245"]

1. Nf3 {[%clk 01:30:46]} {[%emt 00:00:13]} f5 {[%clk 01:30:30]} {[%emt
00:00:31]} 2. b3 {[%clk 01:30:02]} {[%emt 00:01:14]} Nf6 {[%clk 01:29:05]}
{[%emt 00:01:55]} 3. Bb2 {[%clk 01:30:26]} {[%emt 00:00:07]} e6 {[%clk
01:28:33]} {[%emt 00:01:02]} 4. c4 {[%clk 01:28:37]} {[%emt 00:02:19]} Be7
{[%clk 01:26:44]} {[%emt 00:02:19]} 5. h3 {[%clk 01:26:35]} {[%emt 00:02:33]}
d6 {[%clk 01:19:40]} {[%emt 00:07:34]} 6. g4 {[%clk 01:24:51]} {[%emt
00:02:13]} e5 {[%clk 01:18:52]} {[%emt 00:01:19]} 7. Qc2 {[%clk 01:22:26]}
{[%emt 00:02:55]} Nc6 {[%clk 01:11:26]} {[%emt 00:07:57]} 8. gxf5 {[%clk
01:16:16]} {[%emt 00:06:40]} Nb4 {[%clk 01:09:53]} {[%emt 00:02:02]} 9. Qc3
{[%clk 01:16:38]} {[%emt 00:00:09]} a5 {[%clk 01:08:18]} {[%emt 00:02:05]} 10.
a3 {[%clk 01:15:30]} {[%emt 00:01:38]} Ne4 {[%clk 01:04:37]} {[%emt 00:04:10]}
11. Qc1 {[%clk 01:15:49]} {[%emt 00:00:12]} Bh4 {[%clk 01:00:50]} {[%emt
00:04:16]} 12. Rh2 {[%clk 01:15:43]} {[%emt 00:00:37]} Nc6 {[%clk 01:00:06]}
{[%emt 00:01:14]} 13. Nc3 {[%clk 01:02:08]} {[%emt 00:14:05]} Bxf5 {[%clk
00:57:45]} {[%emt 00:02:51]} 14. Nxe4 {[%clk 01:00:37]} {[%emt 00:02:01]} Bxe4
{[%clk 00:58:07]} {[%emt 00:00:07]} 15. Nxh4 {[%clk 01:00:59]} {[%emt
00:00:08]} Qxh4 {[%clk 00:58:29]} {[%emt 00:00:07]} 16. d3 {[%clk 01:01:22]}
{[%emt 00:00:07]} Bg6 {[%clk 00:56:37]} {[%emt 00:02:21]} 17. Qe3 {[%clk
01:00:21]} {[%emt 00:01:32]} O-O {[%clk 00:54:59]} {[%emt 00:02:08]} 18. Qg3
{[%clk 00:57:16]} {[%emt 00:03:34]} Qxg3 {[%clk 00:47:20]} {[%emt 00:08:11]} 19.
fxg3 {[%clk 00:57:40]} {[%emt 00:00:05]} Nd4 {[%clk 00:47:23]} {[%emt
00:00:28]} 20. Bxd4 {[%clk 00:57:44]} {[%emt 00:00:25]} exd4 {[%clk 00:47:45]}
{[%emt 00:00:08]} 21. Rf2 {[%clk 00:56:30]} {[%emt 00:01:43]} Rfe8 {[%clk
00:36:50]} {[%emt 00:11:26]} 22. Kd2 {[%clk 00:45:27]} {[%emt 00:11:33]} Re3
{[%clk 00:29:45]} {[%emt 00:07:33]} 23. Bg2 {[%clk 00:36:36]} {[%emt 00:09:22]}
c6 {[%clk 00:28:07]} {[%emt 00:02:08]} 24. Bf3 {[%clk 00:34:18]} {[%emt
00:02:48]} Rf8 {[%clk 00:25:59]} {[%emt 00:02:39]} 25. Raf1 {[%clk 00:34:27]}
{[%emt 00:00:21]} Rfe8 {[%clk 00:26:00]} {[%emt 00:00:28]} 1/2-1/2